| 000 | 01840nam a2200397 i 4500 | ||
|---|---|---|---|
| 003 | EG-ScBUE | ||
| 005 | 20241120110753.0 | ||
| 008 | 131125t2018 nyua f 001 0 eng d | ||
| 020 | _a9781259921803 | ||
| 020 | _a1259921808 | ||
| 040 |
_aEG-ScBUE _beng _erda _cEG-ScBUE _dEG-ScBUE |
||
| 082 | 0 | 4 |
_a519.5 _bLIN _222 |
| 100 | 1 |
_aLind, Douglas A., _eauthor. _93255 |
|
| 245 | 1 | 0 |
_aStatistical techniques in business & economics / _cDouglas A. Lind, Coastal Carolina University and the University of Toledo, William G. Marchal, The University of Toledo, Samuel A. Wathen, Coastal Carolina University. |
| 246 | 3 | _aStatistical techniques in business and economics | |
| 250 | _aSeventeenth edition. | ||
| 250 | _aInternational student edition. | ||
| 264 | 1 |
_aNew York : _bMcGraw Hill Education, _c[2018] |
|
| 264 | 4 | _cc2018 | |
| 300 |
_axxvi, 863 pages : _billustrations ; _c28 cm. |
||
| 336 |
_2rdacontent _atext _btxt |
||
| 337 |
_aunmediated _2rdamedia _bn |
||
| 338 |
_avolume _bnc _2rdacarrier |
||
| 490 | 0 | _aMcGraw-Hill/Irwin series in operations and decision sciences | |
| 500 | _aIncludes index. | ||
| 520 | _aIncludes a coverage of statistical concepts and methods delivered in a student friendly, step-by-step format. This book presents concepts clearly and succinctly with a conversational writing style and illustrates concepts through the liberal use of business-focused examples that are relevant to the current world of a college student. | ||
| 650 | 7 |
_aCommercial statistics. _2BUEsh _9802 |
|
| 650 | 7 |
_aEconomics _xStatistical methods. _2BUEsh _93258 |
|
| 650 | 7 |
_aEconomics _xStatistical methods. _2BUEsh |
|
| 651 | _2BUEsh | ||
| 653 |
_bBUSADM _cFebruary2018 |
||
| 655 |
_vText book _933728 |
||
| 700 | 1 |
_aMarchal, William G., _eauthor. _93260 |
|
| 700 | 1 |
_aWathen, Samuel Adam, _eauthor. _93261 |
|
| 942 |
_2ddc _cBB |
||
| 999 |
_c26146 _d26118 |
||